Представление документа в формате MARC21

Поле Инд. ПП Название Значение
Тип записи a
Библиографический уровень b
001 Контрольный номер RU/IS/BASE/125433388
005 Дата корректировки 20200522190817.3
084 a Индекс другой классификации/Индекс ББК 65.291.592в
100 1_ a Автор Карнаухов С.
q Полное имя Карнаухов Сергей
245 a Заглавие Логистические системы: издержки и отдача
520 a Аннотация "Методологические основы реализации принципа поэлементной, поэтапной логистизации бизнес-деятельности в российских условиях. Анализ синергетического эффекта от развития делового партнерства субъектов рынка в рамках разноуровневых логистических технологий."
650 a Основная рубрика логистика
a Основная рубрика экономика
a Основная рубрика экономика предприятия
653 a Ключевые слова инвестиции
a Ключевые слова капитальные вложения
a Ключевые слова качество обслуживания
a Ключевые слова конкурентоспособность бизнеса
a Ключевые слова корпоративный доход
a Ключевые слова логистические системы
a Ключевые слова макрологистические системы
a Ключевые слова окупаемость
a Ключевые слова организация производства
a Ключевые слова производство
a Ключевые слова распределение затрат
a Ключевые слова товарные потоки
a Ключевые слова товародвижение
a Ключевые слова трансакционная деятельность
a Ключевые слова транспортные издержки
a Ключевые слова управление производством
773 t Заглавие источника РИСК: ресурсы, информация, снабжение, конкуренция
d Дата издания источника 2003
g Прочая информация № 3. - С. 4 - 156 : граф., табл., схем., эконом. расчет.
w Контрольный № источника RU/IS/BASE/121272722
901 t Тип документа b